00210nam a2200097Ia 4500008004100000100001400041245002400055260000900079942000700088999001700095190216s9999||||xx |||||||||||||| ||und|| aNagavalli 0aMahacharithamala 82 bNull cBK c25575d25575